Surveying and levelling / (Record no. 12279)
[ view plain ]
| 000 -LEADER | |
|---|---|
| fixed length control field | 00375cam a2200145ua 4500 |
| 003 - CONTROL NUMBER IDENTIFIER | |
| control field | OSt |
| 008 - FIXED-LENGTH DATA ELEMENTS--GENERAL INFORMATION | |
| fixed length control field | 250505b |||||||| |||| 00| 0 eng d |
| 041 ## - LANGUAGE CODE | |
| Language code of text/sound track or separate title | eng |
| 082 ## - DEWEY DECIMAL CLASSIFICATION NUMBER | |
| Classification number | 624.1517 |
| Item number | BAS/SU |
| 100 ## - MAIN ENTRY--AUTHOR NAME | |
| Personal name | Basak, N,N . |
| 245 ## - TITLE STATEMENT | |
| Title | Surveying and levelling / |
| 260 ## - PUBLICATION, DISTRIBUTION, ETC. (IMPRINT) | |
| Place of publication | New Delhi : |
| Name of publisher | Tata Mc-Graw Hill Publishing Company , |
| Year of publication | 2003. |
| 300 ## - PHYSICAL DESCRIPTION | |
| Number of Pages | 550 ; . |
| 942 ## - ADDED ENTRY ELEMENTS (KOHA) | |
| Koha item type | Books |
| Withdrawn status | Lost status | Damaged status | Home library | Current library | Date acquired | Full call number | Accession Number | Koha item type | Collection code | Shelving location | Source of acquisition | Cost, normal purchase price |
|---|---|---|---|---|---|---|---|---|---|---|---|---|
| KAUAET | KAUAET | 07/04/2012 | 624.1517 BAS/SU | 21004 | Books | |||||||
| KAUAET | KAUAET | 27/07/2020 | 624.1517 BAS/SU | BB 585 | Book Bank scheme for SC students | General Books | Scheme | Aman Book stall | 515.00 | |||
| KAUAET | KAUAET | 27/07/2020 | 624.1517 BAS/SU | BB 586 | Book Bank scheme for SC students | General Books | Scheme | Aman Book stall | 515.00 |
